000 00461nam a2200181Ia 4500
001 10484
005 20260306161835.0
008 260306t1920||||xx |||||||||||||| ||spa||
041 _aESP
082 _a937
_bM84
100 _aMontesquieu, Charles Louis de Secondat
_eAUT
245 0 _aGrandeza y decadencia de los romanos:
_bhistoria
260 _c1920
300 _a230 páginas :
_c25 cm.
650 _aGEN
654 _aCHU
942 _cLIB
_dJUS
_fJUS
_2ddc
_n
999 _c10484
_d10484